| 000 | 00491cam a2200169ua 4500 | ||
|---|---|---|---|
| 020 | _c50.OO | ||
| 041 |
_aeng _h |
||
| 082 |
_a631.42 _bNAM/SO |
||
| 100 | _aNambiar, K.K.M . | ||
| 245 |
_aSoil fertility and crop productivity under long term fertilizer use in India / _cK.K.M Nambiar. _hTextual Documents |
||
| 260 |
_aNew Delhi : _bIndian Council for Agricultural Research , _c2002. |
||
| 300 | _a144 ; . | ||
| 365 | _a50.OO | ||
| 504 | _a | ||
| 942 | _cBK | ||
| 999 |
_c12050 _d12050 |
||